000 00664nam a2200277Ia 4500
005 20250425161824.0
008 250425s9999 xx 000 0 und d
020 _a9684227124
041 _aspa
043 _amx
082 _a339
100 _aBARRO, ROBERT J.
245 0 _aMACROECONOMIA
250 _a1A ED.
260 _aMEXICO
260 _aMéxico
_bMCGRAW.HILL
_c1986
300 _a562
500 _aTítulo Traducido: MACROECONOMICS
650 _aECONOMIA INTERNACIONAL
650 _aMACROECONOMIA
650 _aMERCADO
700 _aNORIEGA, FRANCISCO G.
_etraductor
710 _aMCGRAW-HILL, INC.
942 _c01
010 _a31093
999 _c216806
_d216806